Memoria leída en la solemne inauguracion del curso académico de 1877 a 1878 en el Instituto Provincial de Segunda Enseñanza de Murcia / (Record no. 164610)

MARC details
000 -LEADER
campo de control de longitud fija 00779nam a2200181 i 4500
001 - NÚMERO DE CONTROL
campo de control 164610
003 - IDENTIFICADOR DE NÚMERO DE CONTROL
campo de control ES-MaACL
005 - FECHA Y HORA DE LA ÚLTIMA TRANSACCIÓN
campo de control 20230906212953.0
008 - DATOS DE LONGITUD FIJA--INFORMACIÓN GENERAL
campo de control de longitud fija 050802s1877 sp | |||||||| ||spa d
100 1# - ENTRADA PRINCIPAL--NOMBRE DE PERSONA
Nombre de persona Sánchez Vidal, Bernardino.
9 (RLIN) 102984
245 10 - MENCIÓN DEL TÍTULO
Título Memoria leída en la solemne inauguracion del curso académico de 1877 a 1878 en el Instituto Provincial de Segunda Enseñanza de Murcia /
Mención de responsabilidad, etc. por Bernardino Sanchez Vidal.
260 ## - PUBLICACIÓN, DISTRIBUCIÓN, ETC.
Lugar de publicación, distribución, etc. Murcia :
Nombre del editor, distribuidor, etc. [s.n.],
Fecha de publicación, distribución, etc. 1877 (
Fabricante Tip. de Anselmo Arqués)
300 ## - DESCRIPCIÓN FÍSICA
Extensión 43 p. ;
Dimensiones 21 cm.
610 24 - PUNTO DE ACCESO ADICIONAL DE MATERIA--NOMBRE DE ENTIDAD CORPORATIVA
Nombre de entidad corporativa o nombre de jurisdicción como elemento de entrada Instituto Provincial de Segunda Enseñanza de Murcia-
Subdivisión de forma Memorias y balances.
9 (RLIN) 134538
700 1# - ENTRADA AGREGADA--NOMBRE PERSONAL
Nombre de persona Arques, Anselmo,
Término indicativo de función/relación
9 (RLIN) 198265
852 4# - LOCALIZACIÓN
Ubicación ES-MaACL
Número de control de estantería T-1294-F-5
Nota libre - Enc. hol.
-- - Enc. en un vol. facticio
Holdings
Estatus retirado Estado de pérdida Estado de daño No para préstamo Colección Biblioteca de origen Biblioteca actual Ubicación en estantería Fecha de adquisición Total de préstamos Signatura topográfica completa Código de barras Visto por última vez Precio de reemplazo Tipo de ítem Koha
        Colección de folletos Biblioteca del Ateneo de Madrid Biblioteca del Ateneo de Madrid Depósito folletos 17/01/2008   T-1294-F-5 1172555 23/02/2023 23/02/2023 Folleto